000 00842nam a2200265Ia 4500
003 OSt
005 20221005092629.0
006 a|||||r|||| 00| 0
007 ta
008 221004b |||||||| |||| 00| 0 eng d
020 _a9780759119314 (pbk)
_c1731.95
024 _a13127
037 _b40614, 19/03/2014, Segment Book Distributors
_cTextual
040 _aCRL
_cCRL
_beng
041 _2eng
_aeng
082 _aV1:71, Q3
100 _aOlsen Bjornar
_9617606
245 0 _aDefense of things
_b Archaeology and the ontology of objects
260 _aNew York
_bRowman & Littlefield Pub U.S.A
_c2010
300 _aix, 201p.
_ccm.
490 _aArchaeology in society series
650 _aHISTORY
942 _hV1:71, Q3
_cTEXL
_2cc
999 _c999126
_d999126